Материалы чтений памяти Б. Н. Мельниченко и С. Е. Трифонова (Запись № 12507445)

Подробности
000 -МАРКЕР
контрольное поле 03142nam0a2200457 4500
001 - ИДЕНТИФИКАТОР ЗАПИСИ
контрольное поле RU\NLR\BIBL_A\012877019
005 - ИДЕНТИФИКАТОР ВЕРСИИ
контрольное поле 20250624211232.0
010 ## - МЕЖДУНАРОДНЫЙ СТАНДАРТНЫЙ НОМЕР КНИГИ (ISBN)
Номер (ISBN) 978-5-907505-81-0
Тираж 300
021 ## - НОМЕР ГОСУДАРСТВЕННОЙ РЕГИСТРАЦИИ
Код страны российская федерация
Номер 2022-44484
Номер Листа государственной регистраци КН-П-3845
035 ## - ДРУГИЕ СИСТЕМНЫЕ НОМЕРА
Идентификатор записи (RuMoRGB)011136511
035 ## - ДРУГИЕ СИСТЕМНЫЕ НОМЕРА
Идентификатор записи (NLR Aleph) 012877019
100 ## - ДАННЫЕ ОБЩЕЙ ОБРАБОТКИ
Данные общей обработки 20220829d2022 |||y0rusy50 ca
101 0# - ЯЗЫК РЕСУРСА
Язык текста, звукозаписи и т.д. русский
-- тайский
-- английский
102 ## - СТРАНА ПУБЛИКАЦИИ ИЛИ ПРОИЗВОДСТВА
Страна публикации российская федерация
105 ## - ПОЛЕ КОДИРОВАННЫХ ДАННЫХ: ТЕКСТОВЫЕ МАТЕРИАЛЫ, МОНОГРАФИЧЕСКИЕ
Кодированные данные о монографическом текстовом документе y|||z|||1||z|
181 #1 - ПОЛЕ КОДИРОВАННЫХ ДАННЫХ: ВИД СОДЕРЖАНИЯ
Код вида содержания (ISBD) i
Код характеристики содержания (ISBD) axxe
182 #1 - ПОЛЕ КОДИРОВАННЫХ ДАННЫХ: ТИП СРЕДСТВА
Код типа средства (ISBD) n - непосредственное
200 1# - ЗАГЛАВИЕ И СВЕДЕНИЯ ОБ ОТВЕТСТВЕННОСТИ
Основное заглавие Материалы чтений памяти Б. Н. Мельниченко и С. Е. Трифонова
Сведения, относящиеся к заглавию сборник статей
-- доклады международной научной конференция таиландоведов, [20-21 мая 2021 г.]
Первые сведения об ответственности Санкт-Петербургский государственный университет, Восточный факультет
203 ## - ВИД СОДЕРЖАНИЯ И ТИП СРЕДСТВА
Вид содержания Текст
Дополнительные сведения об издании визуальный
Тип средства непосредственный
210 ## - ПУБЛИКАЦИЯ, РАСПРОСТРАНЕНИЕ И ДР.
Место издания, распространения и т.д. Санкт-Петербург
Имя издателя, распространителя и т. д. Изд-во РХГА
Дата издания, распространения и т.д. 2022
215 ## - ФИЗИЧЕСКАЯ ХАРАКТЕРИСТИКА
Специфическое обозначение материала и объем 138 с.
Размеры 21
300 ## - ОБЩИЕ ПРИМЕЧАНИЯ
Текст примечания Часть текста англ., тайс.
320 ## - ПРИМЕЧАНИЯ О НАЛИЧИИ В ДОКУМЕНТЕ БИБЛИОГРАФИИ / УКАЗАТЕЛЯ
Текст примечания Библиогр. в конце ст.
330 ## - РЕЗЮМЕ ИЛИ РЕФЕРАТ
Текст примечания Сборник содержит статьи и тезисы докладов, представленных на Первой международной научной конференции таиландоведов Чтения памяти Б. Н. Мельниченко и С. Е. ТрифоноваЮ. Чтения проводились в Санкт-Петербургском государственном университете при поддержке Почетного Генерального Консульства Королевства Таиланд в г. Санкт-Петербурге. Доклады, представленные на Чтениях, затрагивали широкий круг вопросов, связанных с языками, историей, литературой и культурой Таиланда и Лаоса
600 #1 - ИМЯ ЛИЦА КАК ПРЕДМЕТ
Начальный элемент ввода Мельниченко
Часть имени, кроме начального элемента ввода Б. Н.
Даты 1935 - 2018
Расширение инициалов личного имени Борис Николаевич
Системный номер авторитетной/нормативной записи 2555142
Идентификатор авторитетной/нормативной записи RU\NLR\AUTH\6601724544
600 #1 - ИМЯ ЛИЦА КАК ПРЕДМЕТ
Начальный элемент ввода Трифонов
Часть имени, кроме начального элемента ввода С. Е.
Даты 1960 - 2019
Расширение инициалов личного имени Сергей Евгеньевич
Системный номер авторитетной/нормативной записи 2555144
Идентификатор авторитетной/нормативной записи RU\NLR\AUTH\6601724545
606 1# - НАИМЕНОВАНИЕ ТЕМЫ КАК ПРЕДМЕТ
Наименование темы Тайская филология
Формальный подзаголовок Съезды, совещания и т.п
Системный номер авторитетной/нормативной записи 2554454
Идентификатор авторитетной/нормативной записи RU\NLR\AUTH\6601724238
607 ## - ГЕОГРАФИЧЕСКОЕ НАИМЕНОВАНИЕ КАК ПРЕДМЕТ
Географическое наименование Таиланд
Формальный подзаголовок Съезды, совещания и т.п
Тематический подзаголовок История
Системный номер авторитетной/нормативной записи 913241
Идентификатор авторитетной/нормативной записи RU\NLR\AUTH\6614269
675 ## - УНИВЕРСАЛЬНАЯ ДЕСЯТИЧНАЯ КЛАССИФИКАЦИЯ (UDC/УДК)
Индекс 94(593)(082)
Издание 4
686 1# - ИНДЕКСЫ ДРУГИХ КЛАССИФИКАЦИЙ
Индекс Ч489.64(2Р)7-8Мельниченко
686 1# - ИНДЕКСЫ ДРУГИХ КЛАССИФИКАЦИЙ
Индекс Ч489.64(2Р)7-8Трифонов
686 1# - ИНДЕКСЫ ДРУГИХ КЛАССИФИКАЦИЙ
Индекс Ш171.23я434
686 1# - ИНДЕКСЫ ДРУГИХ КЛАССИФИКАЦИЙ
Индекс Т3(5Т)я431
710 12 - НАИМЕНОВАНИЕ ОРГАНИЗАЦИИ - ПЕРВИЧНАЯ ОТВЕТСТВЕННОСТЬ
Начальный элемент ввода Чтения памяти Б. Н. Мельниченко и С. Е. Трифонова
Место проведения временной организации Санкт-Петербург
Дата проведения временной организации 2021
Системный номер авторитетной/нормативной записи 809030
Идентификатор авторитетной/нормативной записи RU\NLR\AUTH\880571380
942 ## - ДОПОЛНИТЕЛЬНЫЕ ЭЛЕМЕНТЫ ЗАПИСИ (АБИС)
Тип экземпляра АБИС Книга
980 ## - КОЛЛЕКЦИЯ
Название коллекции Национальная библиография
Экземпляры
Тип экземпляра Дата поступления Источник поступления Библиотека постоянного хранения Библиотека текущего хранения Место хранения Шифр хранения Штрих-код Статус не для выдачи
Книга 29.08.2022 Обязательный экземпляр РНБ (Московский) РНБ (Московский) Русский книжный фонд: издания с 1957 года, 8этаж, Хран. 2022-3/23779 1-3950362  
Книга 29.08.2022 Обязательный экземпляр РНБ (Московский) РНБ (Московский) Русский книжный фонд: издания с 1957 года, 8этаж, Хран. 2022-3/23779 1-3950363